000 00738nam a2200229Ia 4500
003 GCL
005 20240530102149.0
008 140319s9999 xx 000 0 ara d
040 _aGCL /
_cGCL
082 0 4 _a415.1
_bز ج
100 1 _aزين كامل الخويسكى
245 1 0 _aالجملة الغعلية المنفية فى شعر المتنبى /
_cزين كامل الخويسكى
260 _a[S.N] :
_bمؤسسة شباب الجامعة ،
_c1986
300 _a206 ص
650 0 4 _aالشعر العربى
650 0 4 _aالنحو
650 0 4 _aاللغة العربية
650 0 4 _aالمتنبى, ابو الطيب
650 0 4 _aالجملة الفعلية
650 0 4 _aالمجموعات
942 _2ddc
_cBK
999 _c30252
_d30252